|
|
|
แสดงรายละเอียดบรรณานุกรม |
|
|
Brief Record
: Get Marc (ISO 2709)
: E-mail record
: |
|
|
| LEADER 00000nam 2200000uu 4500 | |||
| 001 39250 | |||
| 003 ULIBM | |||
| 008 020711s2568 th a 000 0 tha d | |||
| 060 WM430 น124ซ | |||
| 100 นงพงา ลิ้มสุวรรณ | |||
| 245 ซาเทียร์ จิตบำบัดและการพัฒนาตนเอง/นงพงา ลิ้มสุวรรณ | |||
| 250 พิมพ์ครั้งที่ 7 | |||
| 260 กรุงเทพฯ :^bจุฬาลงกรณ์มหาวิทยาลัย,^c2568 | |||
| 300 228 หน้า ;^c25 ซม. | |||
| 650 Psychotherapy — methods | |||
| 650 Family Therapy — psychology | |||
| 650 Self Concept — psychology | |||
| 650 Communication — psycholog | |||
| 710 ภาควิชาจิตเวชศาสตร์ คณะแพทยศาสตร์ โรงพยาบาลรามาธิบดี มหาวิทยาลัยมหิดล | |||
| 999 ^aฐานิตา โสภะสุนทร | |||
| คุณยังไม่ได้ล็อกอิน คุณสามารถมีกิจกรรมร่วมกับเว็บไซต์ได้ แต่ต้องล็อกอินก่อน :: |
|
| สถานะ | |||||||||
| 1. | หนังสือทั่วไป | WM430 น124ซ 2568 ฉ.1 Barcode: 005421 | ►KRPH Library | On Shelf ขอยืม | |||||
| 2. | หนังสือทั่วไป | WM430 น124ซ 2568 ฉ.2 Barcode: 005422 | ►KRPH Library | On Shelf ขอยืม | |||||
| 3. | หนังสือทั่วไป | WM430 น124ซ 2568 ฉ.3 Barcode: 005423 | ►KRPH Library | On Shelf ขอยืม | |||||
| [แสดง 3/3 รายการ] | |||||||||
| รายการใกล้เคียง ผู้แต่ง [นงพงา ลิ้มสุวรรณ] |
BibComment |
| คอมเมนท์ทรัพยากรรายการนี้ |
|
|